000 00872nmm a2200265 a 4500
001 ocm000703129
003 TR-IsHL
005 20201028132908.0
008 131030s2013 tu tur
007 cr cn
035 _a703129
_b(N$T)
050 0 4 _aPL248.R43
_bA73 2013
090 0 4 _aPL248.R43
_bA73 2013
100 1 _aRecaizade Mahmut Ekrem
245 1 0 _aAraba sevdası
_h[electronic resource] /
_cRecaizade Mahmut Ekrem ; tercüme Şemsettin Yeltekin
260 _aİstanbul :
_bAraf Yayınları,
_c2013
300 _a271 p.
650 4 _aDil ve Edebiyat
650 4 _aLanguage and Literature
650 0 _aTürk romanı
650 0 _aTurkish Fiction
650 7 _aLITERARY COLLECTIONS / Middle Eastern
_2bisacsh
700 1 _aYeltekin, Şemsettin
856 4 0 _uhttp://search.ebscohost.com/login.aspx?direct=true&scope=site&db=e011xww&AN=703129
999 _c5341
_d5341